|
|
|
|
| LEADER |
006670000a22002290004500 |
| 020 |
|
|
|a 81-264-0808-1
|
| 040 |
|
|
|a MAL
|
| 082 |
|
|
|a 398.364 32P7
|
| 100 |
|
|
|a Vijayakumar Menon; Editor
|
| 245 |
|
|
|a Puzhayude naattariv
|
| 250 |
|
|
|a 4th ed
|
| 260 |
|
|
|a Kottayam, D C Books
|
| 260 |
|
|
|c 2007
|
| 460 |
|
|
|a 171p
|
| 465 |
|
|
|a Rs.90.00
|
| 490 |
|
|
|a Naattarivukal
|
| 500 |
|
|
|a ed by Vijayakumar Menon
|
| 500 |
|
|
|a Includes index
|
| 650 |
|
|
|a Folklore-Rivers
|
| 650 |
|
|
|a Folklore-Streams
|
| 999 |
|
|
|c 38870
|d 38870
|
| 952 |
|
|
|0 0
|1 0
|4 0
|6 398_364000000000000_32P7
|7 0
|8 MAL
|9 39397
|a MGUL
|b MGUL
|d 2013-07-16
|e Rs.90.00
|l 1
|o 398.364 32P7
|p 37716
|r 2014-06-06
|s 2014-05-29
|w 2013-07-16
|y BK
|